| 000 | 00364nam a2200145Ia 4500 | ||
|---|---|---|---|
| 008 | 191201s2008 xx 000 0 und d | ||
| 082 |
_a620.112 _bJAS |
||
| 100 | _aJAIN, Ashok Kumar | ||
| 245 | 0 | _aStrength of Materials and structural Analysis | |
| 250 | _aRev | ||
| 260 |
_aN. Delhi _bNem Chand _c2008 |
||
| 300 | _a665 | ||
| 650 | _aB.Tech(CE) | ||
| 942 |
_2ddc _cBK |
||
| 999 |
_c5515 _d5515 |
||